Spider-Man Homecoming - Whole cast - Statistics

General Stats
  • This quiz has been taken 7 times
  • The average score is 11 of 184
Answer Stats
Hint Answer % Correct
c Zendaya as Michelle Jones
100%
c Gwyneth Paltrow as Pepper Potts
100%
c Tom Holland as Peter Parker/Spider-Man
100%
c Robert Downey Jr. as Tony Stark/Iron Man
100%
c Marisa Tomei as May Parker
86%
c Michael Keaton as Adrian Toomes/Vulture
71%
c Jon Favreau as Happy Hogan
71%
c Tony Revolori as Flash Thompson
57%
c Jacob Batalon as Ned Leeds
57%
c Donald Glover as Aaron Davis
29%
c Angourie Rice as Betty Brant
29%
c Bokeem Woodbine as Herman Schultz/Shocker
29%
c Logan Marshall-Green as Jackson Brice/Shocker
29%
c Laura Harrier as Liz Allan
29%
c Chris Evans as Steve Rogers/Captain America
29%
c Tyne Daly as Anne Marie Hoag
14%
u Cameron W. Brumbelow as Extra
14%
u Mariah Hamilton as Extra
14%
u Hope Hawkins as Extra
14%
u Sheba Karbo as Extra
14%
u Rachel Love as Extra
14%
u Elizabeth G. Smith as Extra
14%
u Jaylan Sumter as Extra
14%
u Tony Vogel as Extra
14%
c Jennifer Connelly as Karen
14%
c Sondra James as Marjorie
14%
c Abraham Attah as Abe Brown
0%
u Jill Savel as Agent
0%
c Gary Weeks as Agent Foster
0%
u Mario Romano as Airplane Passenger
0%
u Jona Xiao as a to-be-confirmed character
0%
u Lenny Lenox as Avengers S.H.I.E.L.D. Agent
0%
u Donald K. Overstreet as Avengers Staff Agent
0%
u Gabbie McGee as Background Talent
0%
u Romar Bennett as Bank Customer
0%
c John Penick as Barry Hapgood
0%
u John Y Lee as Biker
0%
c Yu Lew as Car Jacker
0%
c Michael Barbieri as Charles Murphy
0%
u Jaine Ye as Chemistry Student
0%
c Tiffany Espensen as Cindy Moon
0%
c Hannibal Buress as Coach Andre Wilson
0%
u Emelita T. Gonzalez as College Recruiter
0%
u Jonathan Randall Hunter as Construction Worker
0%
u Andie Fisichella as Dancer
0%
u Bailey Ingersoll as Dancer
0%
c Gary Richardson as Day Sleeper
0%
u Hallie Ricardo as DC News Reporter
0%
u Gina Cordan as DC Tourist
0%
c Nitin Nohria as Dean Crimson
0%
u London Carlisle as Decathlon Competitor
0%
u Adrian Favela as Decathlon Competitor
0%
c Amy Hill as Decathlon Moderator
0%
u Tristian Blair as Decathlon Student
0%
c Hemky Madera as Delmar
0%
u Mike Sibley as Department of Damage Control
0%
u Gregory French as DODC
0%
u Michael Layman as DODC Agent
0%
c Garcelle Beauvais as Doris Toomes
0%
u Rebeca Donovan as Drama Club Member
0%
u Michael Breath as Drama Club Student
0%
u Jerome Joyce as FDNY Firefighter
0%
c Ari Groover as Ferry Commuter
0%
c Louis Gonzalez as Ferry Commuter
0%
c Stewart Steinberg as Ferry Commuter
0%
c Andy Powers as Ferry Commuter
0%
u Morgan Strebler as Ferry Commuter
0%
c Ren Colley as Ferry Kid
0%
u Isabelle Ballard as Ferry Kid
0%
u Elaina Braverman as Ferry Kid
0%
c Jennifer Kim as Ferry Mom
0%
u Jeremy Francis Bell as Ferry Passenger
0%
u Richard R. Corapi as Ferry Passenger
0%
u Joy Costanza as Ferry Passenger
0%
u Justin Blake as Ferry Tourist
0%
u Randy Burnett as Firefighter
0%
u Trevor Wolf as Fireman
0%
u Cassidy Kahler as Flash's Prom Date
0%
c Kerry Condon as F.R.I.D.A.Y.
0%
u Tyler Rainey as Friend
0%
u Mary Liz Adams as Friend of Liz
0%
c Stan Lee as Gary
0%
u John Jacob Anderson as German Tourist
0%
u Lauren Brumbelow as Girl on Elevator
0%
u Chris Silcox as Helicopter DC Metro Sniper
0%
c Kevin N. LaRosa as Helicopter Pilot
0%
u Myles Anderson a High School Student
0%
u Nicholas Azarian as High School Student
0%
u Matthew Eppard as High School Student
0%
u Janet Chen as High School Student
0%
u Matthew Eppard as High School Student
0%
u Matthew Ferrara as High School Student
0%
u Christy Gutierrez as High School Student
0%
u David Cao as High School Student
0%
u Liam Johnson as High School Student
0%
u Thomas McClure as High School Student
0%
u George Todd McLachlan as Highschool Student
0%
u Michael Melatti as High School Student
0%
u Bao T. Nguyen as High School Student
0%
u Joshua Peterson as High School Student
0%
u Frankie Piccione as High School Student
0%
u Hunter Romanillos as High School Student
0%
u Anthony Porrey as High School Student
0%
u Johnny Serret as High School Student
0%
c Wayne Pére as History Teacher
0%
u Dante Brattelli as Homecoming Dance Student
0%
u Faith Logan as Homecoming Dance Student
0%
u Kevin Ramirez as Homecoming Dance Student
0%
u Aparna Singh as Indian Bride
0%
u Maiya Boyd as Indian Flower Girl
0%
u Chad Joyce as Inmate
0%
u Chuck Chapman as Inmate
0%
u Scott Lane as Inmate
0%
u Felix Perez as Inmate
0%
u Austin Theory as Inmate
0%
u Josh Turner as Inmate
0%
u Anita Kalathara as Irate Neighbor
0%
c Jorge Lendeborg Jr. as Jason Ionello
0%
u Hayden Burrell as Little Boy
0%
c Michael Mando as Mac Gargan
0%
u Nickolas Wolf as Mascot
0%
u Humphrey Christopher as Max - Security Prisoner
0%
u Darshan Patel as Mean Student
0%
u Austin Handle as Metro Police Officer
0%
u Leonardo Collaguazo as Midtown Student
0%
u Jada Jarvis as Midtown Student
0%
u EmiLea Martinez as Midtown Student
0%
u Harrison Osterfield as Midtown Student
0%
c Selenis Leyva as Monica Warren
0%
c Tunde Adebimpe as Mr. Cobbwell
0%
u Chris Sepulveda as Ned Leeds' Dad
0%
u Faith Monique as New York City Tourist
0%
u Melissa Kay Glaze as New Yorker
0%
u Addison Elizabeth Lee as New Yorker
0%
u Sydney Shea Barker as NYC Commuter
0%
u Chris T. Adams as NYC Pedestrian
0%
u Mason Pike as NYC Pedestrian
0%
u Roy Coulter as NYPD Officer
0%
u Marmee Regine Cosico as NY Pedestrian
0%
u Juana Samayoa as Old Lady
0%
c Miles Mussenden as Park Ranger
0%
u Melvin Kindall Myles as Park Ranger
0%
u Rachel Star Withers as Park Ranger
0%
u Cassidy Balkcom as Party Girl
0%
u Megan Wilkens as Party Goer
0%
c Michael Chernus as Phineas Mason/Tinkerer
0%
u Davvy Glab as Photographer
0%
u Bradley Newcomer as Police Officer
0%
c Kenneth Choi as Principal Morita
0%
u Wayne Burley as Prison Guard
0%
c Kirk Thatcher as Punk on Street
0%
u Elli Meyer as Rabbi on Subway
0%
c Christopher Berry as Randy Vale
0%
c Martin Starr as Roger Harrington
0%
c Isabella Amara as Sally Avril
0%
u Madison Hine as Screaming Girl #1
0%
u Salena Qureshi as Screaming Girl #2
0%
c Josie Totah as Seymour O'Reilly
0%
u Friday Chamberlain as Skateboarder
0%
c Brian Schaeffer as Stark Tower Employee
0%
c Vince Foster as Stark Tower Technician
0%
u Doug Scroggins III as Stark VTOL Pilot
0%
c Zach Cherry as Street Vendor
0%
u Tahseen Ghauri as Street Vendor / Pedestrian
0%
u Krysana Maragh as Student
0%
u Henry Oehler as Student
0%
u Calvin Powell as Student
0%
u Tiani Wright as Student
0%
u Zachary Leipert as Student at Homecoming Dance
0%
u Sherin Maldonado as Student / Wedding Guest
0%
c Alexa Laraki as Tent Kid
0%
c Liza Fagin as Tent Kid
0%
c Joe Hang as Thai Waiter
0%
c Ethan Dizon as Tiny McKeever
0%
u Destiny Lopez as Tony Stark's Technician
0%
c Martha Kelly as Tour Guide
0%
u Tony F. Charles as Tourist
0%
u Jönah-Blainé Bowling as Unhappy Teen
0%
u Stephen Vining as Vulture Henchman
0%
u Kent Wagner as Vulture Henchman
0%
u Wesley Kuykendoll as Vulture Weapons Tech
0%
u Patti Schellhaas as Washington Memorial Tourist
0%
c Omar Capra as Yeah Spider-Man Guy
0%
c Bob Adrian as Yelling Man
0%
No matching quizzes found
Score Distribution
Percent of People with Each Score
Percentile by Number Answered
Your Score History
You have not taken this quiz